LIBRARY & INFORMATION CENTRE, KCAET, TAVANUR

ONLINE PUBLIC ACCESS CATALOGUE (OPAC)

Lipid Chemistry (Record no. 13778)

MARC details
000 -LEADER
fixed length control field 00312nam a22001337a 4500
020 ## - INTERNATIONAL STANDARD BOOK NUMBER
ISBN 9788170355373
082 ## - DEWEY DECIMAL CLASSIFICATION NUMBER
Classification number 574.19247
Item number KHE/LI
100 ## - MAIN ENTRY--AUTHOR NAME
Personal name Khetarpaul, Neelam
245 ## - TITLE STATEMENT
Title Lipid Chemistry
260 ## - PUBLICATION, DISTRIBUTION, ETC. (IMPRINT)
Place of publication Delhi
Name of publisher Daya Publishing House
Year of publication 2008
300 ## - PHYSICAL DESCRIPTION
Number of Pages 348 p
700 ## - ADDED ENTRY--PERSONAL NAME
Personal name Khetarpaul, Vipul
942 ## - ADDED ENTRY ELEMENTS (KOHA)
Koha item type Books
Holdings
Withdrawn status Lost status Damaged status Collection code Home library Current library Shelving location Date acquired Source of acquisition Cost, normal purchase price Full call number Accession Number Koha item type
      Non-fiction KAUAET KAUAET General Stacks 31/03/2012 Penta Book Distributors, Calicut 1100.00 574.19247 KHE/LI 22630 Books
free website counter